000
00209 a2200097 4500
001
9051
100
_a
Browning, R
245
_a
Robert browning poetry and prose
260
_a
_b
Oxford
_c
090
_c
7233
_d
7233
942
_a
NUST-CAE
_c
M
_c
33860
999
_c
244124
_d
244124